Experimental arts in postwar Japan : (Record no. 23522)

000 -LEADER
fixed length control field 01917cam a2200289 a 4500
001 - CONTROL NUMBER
control field 16517894
003 - CONTROL NUMBER IDENTIFIER
control field OSt
005 - DATE AND TIME OF LATEST TRANSACTION
control field 20170126120137.0
008 - FIXED-LENGTH DATA ELEMENTS--GENERAL INFORMATION
fixed length control field 101025s2011 maua b 001 0 eng
010 ## - LIBRARY OF CONGRESS CONTROL NUMBER
LC control number 2010045150
020 ## - INTERNATIONAL STANDARD BOOK NUMBER
International Standard Book Number 9780674053403 (hardcover : alk. paper)
040 ## - CATALOGING SOURCE
Original cataloging agency DLC
Transcribing agency DLC
043 ## - GEOGRAPHIC AREA CODE
Geographic area code a-ja---
050 00 - LIBRARY OF CONGRESS CALL NUMBER
Classification number NK8645 .S67 1993
082 00 - DEWEY DECIMAL CLASSIFICATION NUMBER
Classification number 700.952/09046
Edition number 22
100 1# - MAIN ENTRY--PERSONAL NAME
Personal name Sas, Miryam.
Dates associated with a name 2010
245 10 - TITLE STATEMENT
Title Experimental arts in postwar Japan :
Remainder of title moments of encounter, engagement, and imagined return /
Statement of responsibility, etc. Miryam Sas.
260 ## - PUBLICATION, DISTRIBUTION, ETC. (IMPRINT)
Place of publication, distribution, etc. Cambridge, Mass. :
Name of publisher, distributor, etc. Harvard University Asia Center :
-- Distributed by Harvard University Press,
Date of publication, distribution, etc. 2010.
300 ## - PHYSICAL DESCRIPTION
Extent xvii, 275 p. :
Other physical details ill. ;
Dimensions 24 cm.
490 0# - SERIES STATEMENT
Series statement Harvard East Asian monographs ;
Volume/sequential designation 329
500 ## - GENERAL NOTE
General note Includes bibliographical references and index.
505 0# - FORMATTED CONTENTS NOTE
Formatted contents note Introduction: death acts (survival acts) -- Post-Shingeki's edge. No holds barred: Betsuyaku Minoru and the paradoxes of total commitment -- Terayama Shuji: gender, power, and the imperative voice -- Blindness and the visuality of desire -- Intersubjective spaces, communal dreams -- Theories of encounter. Theories of encounter: breaking the everyday -- Imaginations of return: film, Buto, photography. Marks the spot: experimental film crossings -- On homecoming: Hijikata's writings and Buto -- Provoke era: new languages of Japanese photography -- Conclusion: counterfeit coins, phantasms.
600 ## - SUBJECT ADDED ENTRY--PERSONAL NAME
Source of heading or term Arts
650 #0 - SUBJECT ADDED ENTRY--TOPICAL TERM
Topical term or geographic name as entry element Arts, Japanese
Chronological subdivision 20th century.
650 #0 - SUBJECT ADDED ENTRY--TOPICAL TERM
Topical term or geographic name as entry element Avant-garde (Aesthetics)
Geographic subdivision Japan.
906 ## - LOCAL DATA ELEMENT F, LDF (RLIN)
a 7
b cbc
c orignew
d 1
e ecip
f 20
g y-gencatlg
942 ## - ADDED ENTRY ELEMENTS (KOHA)
Source of classification or shelving scheme
Koha item type Hard Covered Materials
Classification part NK8645 .S67 1993
Call number prefix 30483
Holdings
Withdrawn status Lost status Source of classification or shelving scheme Damaged status Not for loan Home library Current library Shelving location Date acquired Source of acquisition Total Checkouts Full call number Barcode Date last seen Price effective from Koha item type
          MACHAKOS UNIVERSITY LIBRARY MACHAKOS UNIVERSITY LIBRARY Technical section 26/01/2017 Donation(BFA)   NK8645 .S67 1993 30483 06/07/2018 26/01/2017 Hard Covered Materials
© Machakos University Library, Along The Highway, Machakos Wote Rd, Machakos, Kenya P.O. Box 136 - 90100 Machakos - Kenya

Tel: ( +254 ) 723 805829 OR Fax : 044-20353 OR Email: library@mksu.ac.ke